000
00200 a2200097 4500
020
_a
9786071651501
041
_a
spa
100
_a
Ramos Revillas, Antonio
245
_a
La dama de la selva
942
_c
BK
999
_c
29797
_d
29795